00413nam a2200133Ia 4500001000400000008004100004020001800045082001900063100002800082245009000110260003700200901002700237999001500264766241024s9999 xx 000 0 und d a9972-610-07-1 aRD/305.4/C748c aVirginia Vargas Valente 0aCaminos a Beijing, IV conferencia Mundial de la Mujer en América Latina y el Caribe bAtenla Impresores Editoresc1998 a1/12/2010 3:12:00 p.m. c9869d9869